How to bank on a safe exit (Record no. 67226)

MARC details
000 -LEADER
fixed length control field 01469cam a2200265 4500
001 - CONTROL NUMBER
control field ABS64076
008 - FIXED-LENGTH DATA ELEMENTS--GENERAL INFORMATION
fixed length control field 000000n2001 000 0 eng u
035 ## - SYSTEM CONTROL NUMBER
System control number (Sirsi) u112936
100 ## - MAIN ENTRY--PERSONAL NAME
Personal name Crossley-Smith, T.
245 ## - TITLE STATEMENT
Title How to bank on a safe exit
260 ## - PUBLICATION, DISTRIBUTION, ETC.
Date of publication, distribution, etc. 2001
490 ## - SERIES STATEMENT
Series statement Estates Gazette
Volume/sequential designation (0121) 26 May 2001, 156-157(2)
520 ## - SUMMARY, ETC.
Summary, etc. Examines the difficulties involved in conducting residual valuations and argues that a standard approach is required; residual value lacks a definition in the Red Book and agreement among valuers on methodology. Looks at the three different approaches used to calculate residual value and the issues raised, such as the concept of depreciation. Proposes a basic definition of residual value as the market value or open market value of the property in x number of years time (the length of the proposed loan), and advises valuers to give a range of values rather than a single figure. Also considers the problems involved in forecasting rents and yields, the potential inaccuracy of economic forecasts, the effects of inflation, and the importance of warning clients of the risks of prediction.
590 ## - LOCAL NOTE (RLIN)
Local note ABS
650 ## - SUBJECT ADDED ENTRY--TOPICAL TERM
Topical term or geographic name entry element RESIDUAL VALUATION
650 ## - SUBJECT ADDED ENTRY--TOPICAL TERM
Topical term or geographic name entry element INFLATION
650 ## - SUBJECT ADDED ENTRY--TOPICAL TERM
Topical term or geographic name entry element FORECASTS
650 ## - SUBJECT ADDED ENTRY--TOPICAL TERM
Topical term or geographic name entry element RENTAL VALUES
650 ## - SUBJECT ADDED ENTRY--TOPICAL TERM
Topical term or geographic name entry element PROPERTY MARKET
650 ## - SUBJECT ADDED ENTRY--TOPICAL TERM
Topical term or geographic name entry element RESIDUAL VALUE
650 ## - SUBJECT ADDED ENTRY--TOPICAL TERM
Topical term or geographic name entry element DEPRECIATION
690 ## - LOCAL SUBJECT ADDED ENTRY--TOPICAL TERM (OCLC, RLIN)
Topical term or geographic name as entry element PROPERTY-PROPERTY APPRAISAL AND VALUATION
700 ## - ADDED ENTRY--PERSONAL NAME
Personal name Martin, D
942 ## - ADDED ENTRY ELEMENTS (KOHA)
Suppress in OPAC 0
Holdings
Withdrawn status Lost status Source of classification or shelving scheme Damaged status Not for loan Home library Current library Shelving location Date acquired Total Checkouts Full call number Barcode Date last seen Copy number Price effective from Koha item type
    Dewey Decimal Classification     London London Journal article 04/06/2001   ABS64076 112936-1001 06/08/2019 1 06/08/2019 Journal article